00371nam a2200157Ia 4500008004100000020001800041082001600059100001600075245002200091250000800113260002500121300001000146500002500156650001500181700001700196230524s9999 xx 000 0 und d a9780070583771 a621.38bKOT aD.P.Kothari 0aElectric Machines a3RD aNEW DELHIbTMHc2005 aX;825 aQuantity Number: 87 aElectrical a I.J.Nagrath